[Event "Charlesbourg Zukertort"]
[Site "Charlesbourg"]
[Date "2007.05.28"]
[Round "4"]
[White "Plourde, Simon"]
[Black "Boulianne, Gabriel"]
[Result "0-1"]
[WhiteElo "1300"]
[BlackElo "1479"]
[PlyCount "134"]
[EventDate "2007.05.07"]
[EventType "team-swiss"]
[EventRounds "6"]
[EventCountry "CAN"]
[SourceTitle "EXT 2022"]
[Source "ChessBase"]
[SourceDate "2021.10.06"]
[SourceVersion "1"]
[SourceVersionDate "2021.10.06"]
[SourceQuality "1"]
[WhiteTeam "Les Affames"]
[BlackTeam "Les Denis Drolet"]
[WhiteTeamCountry "CAN"]
[BlackTeamCountry "CAN"]

1. e4 c5 2. Nf3 e6 3. d4 cxd4 4. Nxd4 a6 5. a3 Nf6 6. Nc3 Qc7 7. Be3 b5 8. Bd3 Bb7 9. f3 d5 10. exd5 Nxd5 11. Nxd5 Bxd5 12. 0-0 Bd6 13. g3 Bxg3 14. hxg3 Qxg3+ 15. Kh1 Qh3+ 16. Kg1 Qg3+ 17. Kh1 Qh3+ 18. Kg1 e5 19. Nf5 Be6 20. Nd6+ Ke7 21. Ne4 Nd7 22. Kf2 Qh2+ 23. Ke1 Bh3 24. Rf2 Qg1+ 25. Kd2 Qxd1+ 26. Rxd1 h6 27. Rh1 Be6 28. Nc5 f5 29. Rh5 f4 30. Nxd7 fxe3+ 31. Kxe3 Bxd7 32. Rxe5+ Kd6 33. f4 g5 34. Be4 gxf4+ 35. Kxf4 Raf8+ 36. Bf5 Rxf5+ 37. Rxf5 Bxf5 38. Rd2+ Ke6 39. Re2+ Kf6 40. Rd2 Re8 41. c3 Re4+ 42. Kg3 h5 43. Rh2 Bg4 44. Rd2 Re3+ 45. Kf4 Re2 46. Rd6+ Re6 47. Rd2 Ke7 48. b3 Rd6 49. Rb2 Rd3 50. c4 bxc4 51. bxc4 Rxa3 52. Rc2 Kd6 53. c5+ Kc6 54. Ke4 Ra5 55. Kd4 Ra4+ 56. Ke5 Ra5 57. Kd4 Rb5 58. Rc3 Be6 59. Rc1 Rb4+ 60. Ke5 Rc4 61. Ra1 Bc8 62. Rh1 Kc7 63. Rh2 Rxc5+ 64. Kf4 h4 65. Rxh4 Rc4+ 66. Kg3 Rxh4 67. Kxh4 a5 0-1